000 00506nam a2200181Ia 4500
001 13857
005 20260306164831.0
008 260306t2003||||xx |||||||||||||| ||spa||
041 _aESP
082 _a005.369UML
_bL25 2003
100 _aLarman, Craig
_eAUT
245 0 _aUML y patrones:
_buna introducción al análisis y diseño orientado a objetos y al proceso unificado
260 _c2003
300 _axxv, 590 páginas :
_c25 cm.
650 _aGEN
654 _aCCC
942 _cLIB
_dJUS
_fJUS
_2ddc
_n
999 _c13857
_d13857